|
|
|
|
| LEADER |
00000nab a2200000 a 4500 |
| 001 |
vtls000138073 |
| 003 |
SK-MaSNL |
| 005 |
20260303025630.0 |
| 008 |
140328c1982 xo 0 slo |
| 015 |
|
|
|a SNBRB19rr/mm-uuuuu
|
| 035 |
|
|
|a CL0148179
|
| 040 |
|
|
|a SNKBUCL
|b slo
|c SNKBUCL
|e AACR2
|
| 041 |
0 |
|
|a slo
|
| 044 |
|
|
|a xo
|c SK
|
| 080 |
|
|
|a 674
|2 1981
|
| 080 |
|
|
|a 661
|2 1981
|
| 100 |
1 |
|
|a Holota, Juraj
|4 aut
|9 1010232
|
| 245 |
1 |
0 |
|a Možnosti výroby furfuralu z lignocelulózových surovín na Slovensku
|c Juraj Holota, Eduard Rajkovič
|
| 300 |
|
|
|b Tb. 5.
|
| 650 |
0 |
7 |
|a furaldehyd-2
|2 snkbucl
|9 978934
|
| 650 |
0 |
7 |
|a suroviny lignocelulózové
|2 snkbucl
|9 1010233
|
| 650 |
0 |
7 |
|a drevo odpadové
|2 snkbucl
|9 920710
|
| 655 |
|
7 |
|a články z novín a časopisov
|2 snkbucl
|9 267496
|
| 700 |
1 |
|
|a Rajkovič, Eduard
|4 aut
|9 924491
|
| 773 |
0 |
|
|t Drevo
|g Roč. 37, č. 12 (1982), s. 356-361
|
| 850 |
|
|
|a Slovenská národná knižnica v Martine
|a MTA001
|
| 852 |
|
|
|a SNK
|b KIS3GCP
|
| 958 |
|
|
|a RK
|
| 992 |
|
|
|a RBX
|
| 999 |
|
|
|c 1647421
|d 1649351
|